Music Quiz

Random Music or Taylor Swift Quiz

Finish the lyrics - Taylor Swift Quiz Stats

 Plays Quiz not verified by Sporcle

Support Sporcle.
Go Orange.
Score 0/13 Timer 04:00
0 Plays Today
Hint Answer % Correct
'ugh, so he calls me up and he's like...'i still love you
85.3%
'you call me up again just to...'break me like a promise
66.7%
'you took the money and your dignity and...'got the hell out
65.5%
'you said you never met one girl who'had as many James Taylor records as you
63.8%
'losing him was...'blue like i'd never known
63.3%
'he was long gone when he met me and i realise...'the joke is on me
58.8%
'we tell stories and you don't know why...'i'm coming off a little shy
57.6%
'this is the last time I'm asking you this...'put my name at the top of your list
55.9%
'but i don't want to dance'if i'm not dancing with you
55.4%
'can't remember what song it was playing...'when we walked in
49.7%
'tonights the night when we forget'about the heart break
44.6%
'you think that it's funny...'when i'm mad mad mad
39.5%
'and all i feel...'in my stomach is butterflies
32.2%

You're not logged in!

Compare scores with friends on all Sporcle quizzes.
OR
Log In

From the Vault

How Close Can You Get To...? III

by gazzso

We're going to find out if really know where Prague is, or if you sort of know where Prague is.
Remove Ads.
Support Sporcle.
Get the best of Sporcle when you Go Orange. This ad-free experience offers more features, more stats, and more fun while also helping to support Sporcle. Thank you for becoming a member.

Show Comments

Extras

Created Sep 19, 2013ReportNominate
Tags:Taylor Swift Quiz, finish

Top Quizzes Today


Score Distribution

Your Account Isn't Verified!

In order to create a playlist on Sporcle, you need to verify the email address you used during registration. Go to your Sporcle Settings to finish the process.

Report this User

Report this user for behavior that violates our Community Guidelines.

Details: